| 000 | 00600nam a2200193 u 4500 | ||
|---|---|---|---|
| 001 | 001033051 | ||
| 003 | AM-YEHGA | ||
| 005 | 20250618075958.0 | ||
| 008 | 140806s1962 ||| |||||||||||| rus c | ||
| 040 | _aAM-YeHGA | ||
| 041 | 0 | _arus | |
| 100 | 1 | _aГрегор, Манфред | |
| 245 | 1 | 0 |
_aМост : _b[Роман] : Пер. с нем. / _cМанфред Грегор. |
| 260 |
_aМосква : _bМолодая гвардия, _c1962. |
||
| 300 |
_a199 ст. : _bил. ; _c20 см. |
||
| 650 | 1 | 4 |
_aԳերմանական գրականություն _95149 |
| 942 |
_2udc _cBK |
||
| 090 | _c518701 | ||
| 999 |
_c515161 _d515161 |
||